[Event "Bhubaneswar op-A 14th"]
[Site "Bhubaneswar"]
[Date "2023.06.15"]
[Round "7"]
[White "Swapnabha, Neogi"]
[Black "Aadithya, Pradeep"]
[Result "0-1"]
[WhiteElo "1308"]
[BlackElo "1668"]
[PlyCount "73"]
[EventDate "2023.06.11"]
[EventType "swiss"]
[EventRounds "10"]
[EventCountry "IND"]
[SourceTitle "CBM 214 Extra"]
[Source "ChessBase"]
[SourceDate "2023.07.31"]
[SourceVersion "1"]
[SourceVersionDate "2023.07.31"]
[SourceQuality "1"]

1. e4 c5 2. Nf3 Nc6 3. Bb5 g6 4. 0-0 Bg7 5. c3 Nf6 6. Re1 0-0 7. e5 Nd5 8. d4 cxd4 9. cxd4 Nc7 10. Bf1 d6 11. Nbd2 Bg4 12. Qb3 Be6 13. Qd1 Bd5 14. Qe2 Ne6 15. Qe3 Qb6 16. Bc4 Bxf3 17. Bxe6 Bh5 18. Bb3 Qxd4 19. Qxd4 Nxd4 20. exd6 exd6 21. Ne4 Nxb3 22. axb3 d5 23. Nc3 d4 24. Nb5 Bg4 25. Bf4 a6 26. Nd6 b5 27. f3 Be6 28. b4 Bb3 29. Bd2 d3 30. Kf1 Bc2 31. Ra2 Bb3 32. Raa1 Ba4 33. Ra2 Rfd8 34. Nb7 Re8 35. Nc5 Rxe1+ 36. Bxe1 Bc2 37. Bd2 0-1